County Antrim Quiz - Statistics

General Stats
  • This quiz has been taken 11 times
  • The average score is 12 of 20
Answer Stats
Hint Answer % Correct
Bordering counties Armagh
90%
Bordering counties Derry/Londonderry
90%
Bordering counties Down
90%
County town of Antrim Antrim
80%
Largest city in Northern Ireland that is on the southern border of Antrim Belfast
80%
Town where the above was from Ballymena
70%
Nearest village to the above, where a very famous distillery of the same name is located Bushmills
70%
World Heritage site, where 40,000 basalt columns are found Giant's Causeway
70%
Largest river in the above Lagan
70%
Actor who starred in "Schindler's List" Liam Neeson
70%
Largest lake in Northern Ireland that Antrim borders Lough Neagh
70%
Province that Antrim is in Ulster
70%
Author of the Narnia stories C. S. Lewis
50%
2 towns in Antrim start with the same seven letters followed by "-un" and "-all" Cushendun/Cushendall
50%
Spectacular ruined castle on the A2 coastal route between Portrush and the above Dunluce Castle
50%
Avenue of beech trees which became famous as the "King's Road" in "Game of Thrones" The Dark Hedges
50%
Second female president of Ireland (1997-2011) Mary McAleese
40%
World famous singer-songwriter who released his 47th studio album, "Remembering Now", in 2025 Van Morrison
40%
Famous rope bridge near Ballintoy Carrick-a-Rede
30%
Nickname for County Antrim The Glens County
10%
No matching quizzes found
Score Distribution
Percent of People with Each Score
Percentile by Number Answered
Your Score History
You have not taken this quiz